Nomes que começam com S - Statistics

Estatísticas Gerais
  • Esse quiz foi jogado 188 vezes
  • A pontuação média é 8 de 21
Estatísticas das Respostas
Hint Resposta % Correto
4. Sandra
74%
1. Sara
67%
15. Silvia
66%
5. Sandro
64%
2. Sónia
63%
17. Samuel
62%
12. Susana
57%
7. Sabrina
52%
3. Sofia
50%
11. Simone
46%
13. Soraia
43%
21. Sebastião
42%
9. Selma
37%
18. Santiago
33%
20. Simão
33%
16. Salvador
31%
8. Salomé
10%
6. Sandrina
9%
10. Simara
5%
19. Silvério
4%
14. Suzlsete
0%
Nenhum quiz correspondente encontrado
Distribuição das Pontuações
Porcentagem de Pessoas com Cada Pontuação
Percentil de Números Respondidos
Sua Pontuação Histórica
Você não jogou esse quiz